تحميل...

Trishanku /

التفاصيل البيبلوغرافية
المؤلف الرئيسي: Brijumohan Shah
التنسيق: Printed Book
اللغة:Hindi
منشور في: Shabdvar , 1973.
الموضوعات:
LEADER 00478nam a2200157Ia 4500
008 150624b xxu||||| |||| 00| 1 hin d
082 |a 863.2S1 
100 |a Brijumohan Shah 
245 |c Brijumohan Shah  |a Trishanku / 
260 |b Shabdvar ,  |c 1973. 
300 |a 104 p. 
546 |a In Hindi. 
650 |v Fiction 
942 |c BK 
999 |c 89545  |d 89545 
952 |0 0  |1 0  |4 0  |6 863_000000000000000_2S1_MUK_H  |7 0  |9 89489  |a UL  |b UL  |c ST1  |d 1998-09-15  |l 0  |o 863.2S1 MUK H  |p 25880  |r 2012-10-27  |w 2012-10-27  |y BK